Boardwalk Empire Cause of Death Quiz Stats

 Plays Quiz not verified by Sporcle

Challenge
Share
Tweet
Embed
Score 0/26 Timer 06:00
0 Plays Today
% Correct
Shot by Enoch Thompson
93.9%
Drowned by Nelson Van Alden
90.9%
Shot by Manny Horvitz
88.9%
Suicide by jumping
86.5%
Beaten by Eli Thompson
85.8%
Poisoned by Willie Thompson
84.1%
Shot by Tommy Darmody
83.8%
Incinerated by Gyp Rosetti
83.1%
Shot by Narcisse's henchmen
82.1%
Shot by Chicago police
81.8%
Shot by Richard Harrow
80.7%
Shot by Richard Harrow
80.1%
Stabbed by James Darmody
79.4%
% Correct
Beaten by Eli Thompson
79.1%
Shot by Richard Harrow
78.7%
Shot by Cuban police
77.4%
Bludgeoned by Chalky White
77%
Stabbed by Tonino Sandrelli
76.7%
Drowned by Gillian Darmody
76.4%
Shot by Mike D'Angelo
68.2%
Shot by Charlie Luciano's henchmen
64.9%
Suicide by gunshot
64.9%
Stabbed by Daughter Maitland
63.9%
Shot by Charlie Luciano
59.5%
Scalped by Richard Harrow
53%
Shot by Bugsy Siegel and Tonino Sandrelli
44.6%

You're not logged in!

Compare scores with friends on all Sporcle quizzes.
Join for Free
OR
Log In

You Might Also Like...

Show Comments

Extras

Top Quizzes Today


Score Distribution

Your Account Isn't Verified!

In order to create a playlist on Sporcle, you need to verify the email address you used during registration. Go to your Sporcle Settings to finish the process.

Report this User

Report this user for behavior that violates our Community Guidelines.

Details: